000 00329nam a22001457a 4500
008 210304b ||||| |||| 00| 0 eng d
020 _a9780073285412
041 _aeng
080 _a37
082 _a37
100 _a25
101 _aEDU
245 _aEntryways into College Reading and Learning
_cElder, J
942 _2udc
_cBK
999 _c55751
_d55751